| 000 | 00761 a2200241 4500 | ||
|---|---|---|---|
| 005 | 20260407130157.0 | ||
| 008 | 260407b |||||||| |||| 00| 0 eng d | ||
| 020 | _a978-1-032-53935-5 (pbk) | ||
| 037 | _cTB | ||
| 040 |
_aCRL _cCRL |
||
| 041 |
_2eng _aeng |
||
| 084 |
_aP111:3 R6 _qCRL |
||
| 245 | _aCompleting assignments in tesol and applied linguistics: a practical guide | ||
| 260 |
_aLondon: _bRoutledge, _c2026. |
||
| 300 | _a239p. | ||
| 365 |
_b39.99 _cGBP |
||
| 650 | _aLinguistic | ||
| 650 | _aGrammar | ||
| 700 |
_aBremner, Nicholas _eEditor _91234246 |
||
| 700 |
_aMohammadi, Sedigh _eEditor _91234247 |
||
| 942 |
_cTB _2CC _hP111:3 R6 |
||
| 999 |
_c1466606 _d1466606 |
||